000 00971nam a22002177a 4500
999 _c13360
_d13360
003 AR-CdUCM
008 190415b ||||| |||| 00| 0 spa d
040 _aMUNICIPALIDAD PROVINCIAL DEL CUSCO
_cBIBLIOTECA MUNICIPAL DEL CUSCO
082 _aTS / 869.56 /
_bCH26
100 _aChavez Anaya, Maria Virginia
_931739
245 _aAproximaciones a Mario Vargas Llosa /
260 _aCusco :
_bUniversidad nacional San Antonio Abad del Cusco,
_c1973.
300 _a46 hojas ;
_c29 cm.
500 _aTesis presentado para optar al grado de Bachiller en Humanidades. Facultad de Letras y Ciencias Humanas.
505 _aContenido: La violencia estudiantil -- Hacia una tentativa mayor -- La motivación política -- Ubicación de Mario Vargas Llosa en la Literatura peruana y Latinoamericana.
650 _aMario Vargas Llosa
_931740
650 _aLiteratura Peruana
_9132
650 _aLiteratura latinoamericana
_91143
942 _2ddc
_cTESIS
945 _acmm
_d2019-04-15